| 000 | 00950nam a2200241 a 4500 | ||
|---|---|---|---|
| 001 | 79636 | ||
| 003 | BD-RjUL | ||
| 005 | 20220413132522.0 | ||
| 008 | 220330s2021 bg ||||| |||| 00| 0 ben d | ||
| 020 |
_a9789849337539 _c:Tk.825.00 |
||
| 035 | _a(BD-RjUL)79636 | ||
| 040 |
_aBD-RjUL _beng _cBD-RjUL |
||
| 041 | _aeng | ||
| 082 |
_223 _a328.5492 _bRAL 2021 |
||
| 100 |
_aরহমান, এম. আমিনুর _92139 |
||
| 245 | 1 | 0 |
_aবাংলাদেশে আইন প্রণয়ন প্রক্রিয়া / _cএম. আমিনুর রহমান |
| 246 | _aLegislative Process in Bangladesh | ||
| 260 |
_aঢাকা : _bসুচয়নী পাবলিশার্স, _c২০২১ |
||
| 300 |
_a৮৫৬ পৃ.; _c২২ সেমি. |
||
| 650 |
_aআইন প্রণয়ন সংস্থা _yবাংলাদেশ _92140 |
||
| 650 |
_a Legislative bodies _zBangladesh _92141 |
||
| 942 |
_2ddc _cBK |
||
| 999 |
_c79636 _d79636 |
||